Etážová rektifikačná kolóna na získanie etylénglykolu

Enregistré dans:
Détails bibliographiques
Auteur principal: Vitanovec, Dávid (Auteur)
Autres auteurs: Gužela, Štefan (Directeur de thèse)
Format: Manuscrit Livre
Langue:slovaque
Publié: 2023
Sujets:
Accès en ligne:http://is.stuba.sk/zp/portal_zp.pl?podrobnosti=171425
Tags: Ajouter un tag
Pas de tags, Soyez le premier à ajouter un tag!

MARC

LEADER 00000ntm a22000003a 4500
001 stuzp94789
003 SK-STU
005 20240404101757.0
007 ta
008 150427s2015----xo-----f-mn---000-0-slo-d
040 |a STU  |b slo 
041 0 |a slo 
100 1 |a Vitanovec, Dávid  |u 020040  |4 aut  |U SjF Strojnícka fakulta  |T SjF Ústav procesného inžinierstva  |X 98631  |U J0040  |Y 807  |7 98631 
242 0 1 |a Plate rectification column to obtain ethyleneglycol  |y eng 
245 1 0 |a Etážová rektifikačná kolóna na získanie etylénglykolu 
260 |c 2023 
650 4 |a destilácia  |2 slo 
650 4 |a delenie binárnej zmesi  |2 slo 
650 4 |a rektifikácia  |2 slo 
650 4 |a rektifikačná kolóna  |2 slo 
650 4 |a teoretická etáž  |2 slo 
650 4 |a rectification  |2 eng 
650 4 |a rectification column  |2 eng 
650 4 |a distillation  |2 eng 
650 4 |a separation of binary mixture  |2 eng 
650 4 |a theoretical plate  |2 eng 
700 1 |a Gužela, Štefan  |u 020040  |k Z1  |4 ths  |U SjF Strojnícka fakulta  |T SjF Ústav procesného inžinierstva  |X 4267  |U J0040  |Y 807  |7 A000004267 
856 4 |u http://is.stuba.sk/zp/portal_zp.pl?podrobnosti=171425 
996 |b 284J047369  |c J* 3589/DDP  |l JJSK  |s A  |a 24  |w stuzp94789_0001